000
00244nam a22001097a 4500
082
_a
536.2 DEV'R
100
_a
ROHSENOW, W. M
_9
76017
245
_a
DEVELOPMENTS IN HEAT TRANSFER
260
_a
USA
_b
M. I. T
_c
1964
300
_a
530P
942
_c
BK
999
_c
581417
_d
581417